Peru Departments Capital Cities Quiz - Statistics

General Stats
  • This quiz has been taken 418 times
  • The average score is 20 of 25
Answer Stats
Hint Answer % Correct
Lima Lima
99%
Arequipa Arequipa
96%
Cuzco Cuzco
95%
Callao Callao
94%
Ica Ica
93%
Tacna Tacna
92%
Puno Puno
91%
Piura Piura
90%
Cajamarca Cajamarca
89%
Tumbes Tumbes
89%
Loreto Iquitos
88%
Huánuco Huánuco
87%
Ayacucho Ayacucho
86%
La Libertad Trujillo
81%
Moquegua Moquegua
80%
Huancavelica Huancavelica
79%
Junín Huancayo
70%
Lambayeque Chiclayo
68%
Pasco Cerro de Pasco
67%
Áncash Huaraz
63%
Madre de Dios Puerto Maldonado
61%
Ucayali Pucallpa
58%
Amazonas Chachapoyas
56%
Apurímac Abancay
45%
San Martín Moyobamba
43%
No matching quizzes found
Score Distribution
Percent of People with Each Score
Percentile by Number Answered
Your Score History
You have not taken this quiz